New house price index launched (Record no. 73406)

MARC details
000 -LEADER
fixed length control field 01577cam a2200229 4500
001 - CONTROL NUMBER
control field WB3935-10
008 - FIXED-LENGTH DATA ELEMENTS--GENERAL INFORMATION
fixed length control field 030916n2003 000 0 eng u
035 ## - SYSTEM CONTROL NUMBER
System control number (Sirsi) u123609
245 ## - TITLE STATEMENT
Title New house price index launched
260 ## - PUBLICATION, DISTRIBUTION, ETC.
Date of publication, distribution, etc. 2003
490 ## - SERIES STATEMENT
Series statement RICS News Service
Volume/sequential designation 12 September 2003 (1)
490 ## - SERIES STATEMENT
Series statement ODPM News Release
Volume/sequential designation (HPI-9-03) 15 September 2003 (3)
490 ## - SERIES STATEMENT
Series statement ODPM Statistical Release
Volume/sequential designation (2003/0182) 15 September 2003 (2)
520 ## - SUMMARY, ETC.
Summary, etc. ODPM has launched a new monthly house price index. This index covers mortgage transactions at the completion stage from more than fifty lenders, and will be the most comprehensive index available, at both a national and local level. It should also provide an accurate historical guide to trends across the country but it's main weaknesses are that it will be a month behind other house price information, being based upon completions, and it does not include cash transactions. Statistical release http://www.rics.org/ricscms/bin/show?class=News&template=/includes/shownews.html&id=6959&faculty=Residential%20Property&faculty=All%20Faculties; ODPM press release http://www.odpm.gov.uk/pns/DisplayPN.cgi?pn_id=2003_0180. RICS news http://www.rics.org/ricscms/bin/show?class=News&template=/includes/shownews.html&id=6959&faculty=Residential%20Property&faculty=All%20Faculties.
590 ## - LOCAL NOTE (RLIN)
Local note WB
650 ## - SUBJECT ADDED ENTRY--TOPICAL TERM
Topical term or geographic name entry element HOUSE PRICE INDICES
650 ## - SUBJECT ADDED ENTRY--TOPICAL TERM
Topical term or geographic name entry element GOVERNMENT STATISTICS
650 ## - SUBJECT ADDED ENTRY--TOPICAL TERM
Topical term or geographic name entry element HOUSE PRICES
650 ## - SUBJECT ADDED ENTRY--TOPICAL TERM
Topical term or geographic name entry element ODPM HOUSE PRICE INDEX
690 ## - LOCAL SUBJECT ADDED ENTRY--TOPICAL TERM (OCLC, RLIN)
Topical term or geographic name as entry element PROPERTY-RESIDENTIAL PROPERTY-RESIDENTIAL PROPERTY MARKET
942 ## - ADDED ENTRY ELEMENTS (KOHA)
Suppress in OPAC 0
Holdings
Withdrawn status Lost status Source of classification or shelving scheme Damaged status Not for loan Home library Current library Shelving location Date acquired Total Checkouts Full call number Barcode Date last seen Copy number Price effective from Koha item type
    Dewey Decimal Classification     London London News article 16/09/2003   WB3935-10 123609-1001 06/08/2019 1 06/08/2019 News article